000 00734nam a2200241 i 4500
001 31852
003 ES-MaACL
005 20250526063007.0
007 t|
008 030130s1969 mx ||||1| spa d
100 1 _aBeckett, Samuel,
_d1906-1989
_9240713
245 1 0 _aCómo es /
_cSamuel Beckett ; [traducción de José Emilio Pacheco].
250 _a[2ª ed.].
260 _aMéxico :
_bJoaquín Mortiz,
_c[1969]
300 _a181 p. ;
_c19 cm.
490 1 _aSerie del volador
700 1 _aPacheco, José Emilio.
_988124
830 0 _aSerie del volador
_9181075
852 _aES-MaACL
_jE-9625
_bR.93880
852 _aES-MaACL
_jE-9626
_bR.93764
852 _aES-MaACL
_jA-5714
_bR.94013
999 _c31852
_d31852